[Event "ROM-ch U10"]
[Site "Calimanesti Caciulata"]
[Date "2019.04.17"]
[Round "4"]
[White "Crisan, Darian Florin"]
[Black "Militaru, Pavel Matei"]
[Result "1-0"]
[WhiteElo "1077"]
[BlackElo "1001"]
[PlyCount "45"]
[EventDate "2019.04.15"]
[EventType "swiss"]
[EventRounds "9"]
[EventCountry "ROU"]
[SourceTitle "CBM 190 Extra"]
[Source "ChessBase"]
[SourceDate "2019.07.15"]
[SourceVersion "1"]
[SourceVersionDate "2019.07.15"]
[SourceQuality "1"]

1. e4 e5 2. Nf3 Nc6 3. Nc3 Nf6 4. Bb5 Bc5 5. Nxe5 Nxe5 6. d4 Bb6 7. dxe5 a6 8. Bc4 0-0 9. exf6 Qxf6 10. 0-0 c5 11. Nd5 Qd6 12. Nxb6 Qxb6 13. Bf4 Re8 14. Qd6 Qxb2 15. Qxc5 Rxe4 16. Rfe1 Rxe1+ 17. Rxe1 h6 18. Re8+ Kh7 19. Qf5+ g6 20. Qxf7+ Qg7 21. Qxg7+ Kxg7 22. Be5+ Kh7 23. Rh8# 1-0